| 000 | 01037nam a22002417a 4500 | ||
|---|---|---|---|
| 001 | BINCO | ||
| 003 | CO-MdBIC | ||
| 005 | 20220411153349.0 | ||
| 008 | 220409b1997 pe a|||| |||| 00| 0 spa d | ||
| 020 | _a8448002644 | ||
| 040 |
_a CO-MdBIC _bspa. _cCO-MdBIC _d CO-MdBIC |
||
| 041 | _aspa | ||
| 082 |
_222 _a863 _bD413 |
||
| 100 |
_aDenou, Violeta _tDenou, Violeta |
||
| 245 |
_aTeo descubre _banimales marinos _c/Denou, Violeta, escritora |
||
| 260 | 1 |
_aPerú: _bCeac, _c[1997] |
|
| 260 | _a©1997 | ||
| 300 |
_a8 paginas; _bilustraciones a color: _c21 cm, |
||
| 490 | _ateo descubre | ||
| 500 | _aLa colección Teo descubre va dirigida a niños a partir de 2 años y está formada por diversas series. El tema de esta cuarta serie son los animales: los animales domésticos se trabajan en el primer libro, los animales salvajes, en el segundo y los animales marinos, en el tercero. En cada una de las láminas, se plantean animales así como objetos relacionados con ellos. | ||
| 650 | 7 |
_9100 _aEducación infantil |
|
| 942 | _cLGB | ||
| 999 |
_c67720 _d67720 |
||